[Event "Challenge"]
[Site "http://www.queenalice.com/game.php?id=244586"]
[Date "2007.7.24"]
[Round "-"]
[White "william_Abreu"]
[Black "R_Jasinski"]
[Result "0-1"]
[WhiteElo "1142"]
[BlackElo "1671"]

1. e4 e5 2. Bc4 Nf6 3. Qf3 c6 4. Nh3 d5 5. exd5 cxd5 6. Bb5+ Nc6 7. Nc3 e4 8.
Qd1 Bxh3 9. gxh3 Bc5 10. d4 exd3 11. Qxd3 O-O 12. Qg3 Re8+ 13. Kd1 Ne4 14. Qg2
Nxf2+ 15. Kd2 Nxh1 16. Qxh1 Qg5+ 17. Kd1 Qh5+ 18. Ne2 Nd4 19. Qg2 Nxb5 20. Bg5
Nd4 21. Kc1 Rxe2 22. Qxd5 Rxc2+ 23. Kb1 Qd1+ 24. Bc1 Rxc1# 0-1

[Event "Challenge"]
[Site "http://www.queenalice.com/game.php?id=244839"]
[Date "2007.7.24"]
[Round "-"]
[White "rafaelbdb"]
[Black "william_Abreu"]
[Result "1-0"]
[WhiteElo "1526"]
[BlackElo "1244"]

1. e4 d5 2. exd5 Qxd5 3. Nc3 Qc5 4. Nf3 e5 5. Be2 h5 6. O-O Nf6 7. d4 exd4 8.
Nxd4 h4 9. h3 g5 10. Be3 Bxh3 11. gxh3 Bh6 12. Ndb5 Qe5 13. Bd4 Qf5 14. Nxc7+
Ke7 15. Nxa8 Rd8 16. Bg4 Nxg4 17. hxg4 Qa5 18. Re1+ Kf8 19. Qd3 Kg8 20. Bb6 Qxb6
21. Nxb6 Rxd3 22. cxd3 axb6 23. Re8+ Kh7 24. Rxb8 Bg7 25. Rxb7 Bd4 26. Rxf7+ Kg6
27. Rf5 h3 28. Re1 Bf6 29. Re6 Kf7 30. Rfxf6+ Kg7 31. Ne4 h2+ 32. Kxh2 1-0

[Event "AUTO-OPEN-763"]
[Site "http://www.queenalice.com/game.php?id=247617"]
[Date "2007.7.29"]
[Round "1"]
[White "mateus_amorim"]
[Black "william_Abreu"]
[Result "1-0"]
[WhiteElo "1698"]
[BlackElo "1140"]

1. d4 d5 2. c4 dxc4 3. e3 Nc6 4. Bxc4 h5 5. Nf3 Bg4 6. h3 Bxf3 7. Qxf3 Nb4 8.
Qxf7+ Kd7 9. Be6+ Kc6 10. Qf3+ Kb6 11. Bb3 Nd3+ 12. Ke2 Nxc1+ 13. Rxc1 Rh6 14.
Nc3 e6 15. Na4+ Ka6 16. Rc4 e5 17. Nc5+ Bxc5 18. dxc5 Rf6 19. Ra4+ Kb5 20. Qxb7+
Rb6 21. cxb6 cxb6 22. Rd1 Qc8 23. Rd5+ 1-0

[Event "AUTO-OPEN-763"]
[Site "http://www.queenalice.com/game.php?id=247618"]
[Date "2007.7.29"]
[Round "1"]
[White "william_Abreu"]
[Black "mateus_amorim"]
[Result "0-1"]
[WhiteElo "1138"]
[BlackElo "1690"]

1. e4 e5 2. Nf3 d6 3. Bc4 Be7 4. d4 exd4 5. Qxd4 Bf6 6. e5 dxe5 7. Nxe5 Qxd4 8.
Nxf7 Qxc4 9. Nxh8 Qe4+ 10. Be3 Qxg2 11. Rf1 Bh3 12. Nd2 Bxb2 13. Rb1 Bc3 14. Rb3
Bxd2+ 15. Kxd2 Qxf1 16. Rxb7 Bg4 17. Rxc7 Qe2+ 18. Kc3 Qe1+ 19. Kd3 Bf5+ 20. Kd4
Qd1+ 21. Ke5 Nh6 22. Nf7 Nd7+ 23. Kf4 Kxf7 24. Kg3 Qg4# 0-1

[Event "AUTO-OPEN-763"]
[Site "http://www.queenalice.com/game.php?id=247647"]
[Date "2007.7.29"]
[Round "1"]
[White "william_Abreu"]
[Black "IkeBroflovski"]
[Result "1-0"]
[WhiteElo "1198"]
[BlackElo "642"]

1. e4 e5 2. d4 exd4 3. e5 d6 4. Nf3 dxe5 5. Nxe5 Nf6 6. Qf3 Bd6 7. Nc4 O-O 8.
Bd3 Re8+ 9. Be3 dxe3 10. fxe3 Nc6 11. Nc3 Bb4 12. O-O Bxc3 13. bxc3 Bg4 14. Qg3
1-0

[Event "AUTO-OPEN-763"]
[Site "http://www.queenalice.com/game.php?id=247648"]
[Date "2007.7.29"]
[Round "1"]
[White "IkeBroflovski"]
[Black "william_Abreu"]
[Result "0-1"]
[WhiteElo "640"]
[BlackElo "1200"]

1. e4 e5 2. Nf3 Bc5 3. Bc4 Nf6 4. Nc3 Ng4 5. O-O Nxf2 6. Rxf2 Bxf2+ 7. Kxf2 O-O
8. Nxe5 Qf6+ 9. Nf3 d5 10. Nxd5 Qg6 11. d3 Bg4 12. Ne7+ Kh8 13. Nxg6+ fxg6 14.
Be3 Nc6 0-1

[Event "AUTO-OPEN-763"]
[Site "http://www.queenalice.com/game.php?id=247649"]
[Date "2007.7.29"]
[Round "1"]
[White "william_Abreu"]
[Black "A00B00"]
[Result "1-0"]
[WhiteElo "1136"]
[BlackElo "1490"]

1. e4 f6 2. d4 Kf7 3. e5 e6 4. Nf3 Ne7 5. Bd3 d5 6. exf6 gxf6 7. O-O Bg7 8. Nc3
Nbc6 9. Re1 Ng6 10. Bg5 fxg5 11. Ne5+ 1-0

[Event "AUTO-OPEN-763"]
[Site "http://www.queenalice.com/game.php?id=247650"]
[Date "2007.7.29"]
[Round "1"]
[White "A00B00"]
[Black "william_Abreu"]
[Result "0-1"]
[WhiteElo "1460"]
[BlackElo "1166"]

1. f3 e5 2. Kf2 Nf6 3. e3 g5 4. Ne2 h5 5. d4 g4 6. dxe5 gxf3 7. gxf3 Ng4+ 8.
fxg4 hxg4 9. Ng3 d6 10. Nc3 dxe5 0-1

[Event "Challenge"]
[Site "http://www.queenalice.com/game.php?id=254865"]
[Date "2007.8.13"]
[Round "-"]
[White "JCJ"]
[Black "william_Abreu"]
[Result "1-0"]
[WhiteElo "1368"]
[BlackElo "1194"]

1. e4 e5 2. Nf3 Nc6 3. Bc4 Nh6 4. O-O Bc5 5. d3 Ng4 6. Bg5 f6 7. Bh4 g5 8. Bg3
h5 9. h4 Be3 10. fxe3 Nxe3 11. Qe2 Nxf1 12. Qxf1 Nd4 13. Nxd4 exd4 14. hxg5 h4
15. Bf4 fxg5 16. Be5 Rf8 17. Qe2 d6 18. Bxd4 1-0

[Event "1 DESAFIO"]
[Site "http://www.queenalice.com/game.php?id=262577"]
[Date "2007.8.28"]
[Round "-"]
[White "ManofBlack"]
[Black "william_Abreu"]
[Result "1-0"]
[WhiteElo "1520"]
[BlackElo "1201"]

1. e4 e5 2. a4 d5 3. d4 dxe4 4. d5 Nf6 5. Bc4 c6 6. Nc3 Bb4 7. Ne2 O-O 8. O-O
Bg4 9. h3 Bxh3 10. Bg5 h6 11. Bxf6 Qxf6 12. gxh3 Rd8 13. a5 b5 14. axb6 Nd7 15.
b7 Rab8 16. dxc6 Qxc6 17. Qd5 1-0

[Event "AUTO-BEG-77"]
[Site "http://www.queenalice.com/game.php?id=277799"]
[Date "2007.9.27"]
[Round "2"]
[White "william_Abreu"]
[Black "alexcamargo"]
[Result "0-1"]
[WhiteElo "1237"]
[BlackElo "1662"]

1. d4 d5 2. e3 Nf6 3. Nf3 e6 4. Ne5 Bd6 5. Bd3 Nc6 6. O-O Nxe5 7. dxe5 Bxe5 8.
e4 d4 9. f4 Bd6 10. e5 Bc5 11. exf6 Qxf6 12. Qh5 b6 13. Be4 d3+ 14. Kh1 dxc2 15.
Bxa8 Qd4 16. Nc3 Bb4 17. Nb5 Qc4 18. Kg1 Ba6 19. Nxc7+ Qxc7 0-1

[Event "AUTO-BEG-77"]
[Site "http://www.queenalice.com/game.php?id=277800"]
[Date "2007.9.27"]
[Round "2"]
[White "alexcamargo"]
[Black "william_Abreu"]
[Result "1-0"]
[WhiteElo "1660"]
[BlackElo "1239"]

1. e4 e5 2. Nf3 Nc6 3. Bb5 Qf6 4. d3 a6 5. Bc4 Nd4 6. Nxd4 exd4 7. Bf4 Qxf4 8.
Nd2 Be7 9. Qe2 h5 10. g3 Qe5 11. O-O-O d5 12. Bb3 Bg5 13. f4 Bxf4 14. gxf4 Qe7
15. Bxd5 Bg4 16. Nf3 Qd6 17. h3 Qxf4+ 18. Qd2 Qxf3 19. hxg4 1-0

[Event "AUTO-OPEN-763"]
[Site "http://www.queenalice.com/game.php?id=291982"]
[Date "2007.10.24"]
[Round "2"]
[White "william_Abreu"]
[Black "dante72"]
[Result "0-1"]
[WhiteElo "1233"]
[BlackElo "1846"]

1. Nf3 d5 2. d4 e6 3. Ne5 f6 4. Ng4 e5 5. dxe5 Bxg4 6. h3 Bh5 7. g4 Bf7 8. Bg2
c6 9. Nc3 Bb4 10. a3 Bxc3+ 11. bxc3 fxe5 12. O-O Ne7 13. Bg5 O-O 14. e4 h6 15.
Bxh6 gxh6 16. exd5 cxd5 0-1

[Event "AUTO-OPEN-763"]
[Site "http://www.queenalice.com/game.php?id=291983"]
[Date "2007.10.24"]
[Round "2"]
[White "dante72"]
[Black "william_Abreu"]
[Result "1-0"]
[WhiteElo "1844"]
[BlackElo "1235"]

1. d4 d5 2. e3 Nf6 3. Nc3 Ne4 4. Nxe4 dxe4 5. Ne2 Nc6 6. a3 e5 7. d5 Na5 8. Nc3
f5 9. Bd2 Nc4 10. Bxc4 h5 11. Qe2 f4 12. exf4 Bg4 13. Qxe4 Qe7 14. fxe5 O-O-O
15. Nb5 Qc5 16. Bb4 1-0